Statistics for Countries to make a world cup without progressing.

Click here to take the quiz!

General Stats

  • This quiz has been taken 47 times
  • The average score is 13 of 24

Answer Stats

Answer % Correct
China
79%
Canada
72%
Egypt
72%
South Africa
70%
New Zealand
70%
Iran
67%
Bolivia
65%
Zaire
63%
Bosnia
58%
Tunisia
58%
Iraq
56%
Trinidad and Tobago
53%
Togo
53%
Jamaica
51%
Angola
49%
Haiti
49%
Scotland
47%
Dutch East Indies
47%
El Salvador
47%
Israel
47%
Slovenia
44%
United Arab Emirates
40%
Ivory Coast
37%
Kuwait
26%

Score Distribution

Percentile by Number Answered

Percent of People with Each Score

Your Score History

You have not taken this quiz